Statistics for PSG Legends

Click here to take the quiz!

General Stats

  • This quiz has been taken 153 times
    (127 since last reset)
  • The average score is 12 of 17

Answer Stats

CountryPositionYearsPlayer (Answer)% Correct
BrazilWinger2017-CurrentNeymar Junior
98%
FranceStriker2017-CurrentKylian Mbappe
97%
UruguayStriker2013-2020Edinson Cavani
95%
SwedenStriker2012-2016Zlatan Ibrahimovic
95%
BrazilDefender2012-2020Thiago Silva
89%
ArgentinaWinger2015-2022Angel Di Maria
88%
BrazilWinger2001-2003Ronaldinho
88%
NigeriaAttacking Midfielder1998-2002Jay-Jay Okocha
77%
PortugalStriker2003-2008Pauleta
76%
LiberiaStriker1992-1995George Weah
71%
BrazilFull Back2012-2017Maxwell
67%
FranceGoalkeeper1992-1997
1998-2000
Bernard Lama
66%
BrazilAttacking Midfielder1993-1998Rai
59%
AlgeriaMidfielder1974-1984Mustapha Dahleb
41%
YugoslaviaStriker1982-1991Safet Susic
34%
FranceWinger1980-1987Dominique Rocheteau
23%
FranceDefender1975-1989Jean-Marc Pilorget
14%

Score Distribution

Percentile by Number Answered

Percent of People with Each Score

Your Score History

You have not taken this quiz since the last reset